00758nam a2200181Ia 4500999001700000041001200017082001200029100010900041245011900150260006600269300000900335536001000344650002200354650002200376650002500398942001200423952014100435 c27038d27038 aEnglish aRL.0046 aLaturkar, Vani N.uSchool of Commerce and Management Sciences, S.R.T.M. UniversityvNanded, Maharashtra  2aA study of impact of fee based policies of Banks on their profitability and customer behavior / cVani N. Laturkar aNew Delhi :bIndian Council of Social Science Research,c2015 a255p aICSSR aBanks and Banking aCustomer services aBank service charges 2ddccBK 00102ddc40718MRPaNASSDOCbNASSDOCd2021-11-16eGifted by: RP Division ICSSRl0oRL.0046p51670r2021-12-14 00:00:00w2021-12-14yRP